000 00652nam a2200217 4500
003 OSt
005 20240716070738.0
006 a
008 240716b |||||||| |||| 00| 0 eng d
020 _a0071432205
040 _aDWCL-Main lib.
_cOC
082 _2Sixteenth edition
_aCirc. 540 S741l 2005
100 _aSpeight, James G.
245 _aLange's handbook of chemistry /
250 _aSixteenth edition
260 _aN. Y. :
_bMcGraw-Hill,
_cc2005.
300 _axii,
_b(various paging) : ill. ;
_c24 cm.
504 _aIncludes index.
650 _a1. Chemistry-Handbooks, manuals, etc.
942 _2ddc
_n0
_cBK-CIRC
_eSixteenth edition
_kCirc.
999 _c2262
_d2262